000 00555nam a22001937a 4500
005 20250326052619.0
008 220926b ||||| |||| 00| 0 eng d
020 _a9789353593780
040 _aIN-DiNC
_cIN-DiNC
041 _deng
082 _a658.3
_bGUP
100 _aGupta, Shashi K
_eauthor
245 _aHuman resource management/
_cby Shashi K Gupta and Rosy Joshi
260 _aLudhiana:
_bKalyani publishers,
_c2022.
300 _a25.11p.
650 _aConcept of human resource management
700 _aJoshi, Rosy
_eauthor
942 _2ddc
_cBK
999 _c11400
_d11400